000 00943nam0a22003011 4500
001 v19\rc\1737830
005 20250619055122.0
035 _a(NLR Aleph) 004846327
090 _a4875048
_c4875048
100 _a20061204d1901 |||y0rusy50 ca
101 1 _arus
_cger
102 _aRU
105 _ay z |||a|
200 1 _a"Роман". (1823 г.)
_e[Рассказ]
_fЛюдвиг Берне
_gС нем. пер. И. Кельберин
210 _aКиев
_cскоропеч. И.М. Розета
_d1901
215 _a29 с.
_d17
532 1 3 _aРоман. (1823 г.)
700 1 _aБерне
_bЛ.
_f1786-1837
_gЛюдвиг
702 1 _aКельберин
_bИ.П.
_gИзраиль Павлович
_4730
801 0 _aRU
_bNLR
_gpsbo
801 0 _aRU
_bRuMoRGB
_2psbo
801 1 _aRU
_bProSoft-M
_2rusmarc
852 _aNLR
_j18.335.3.176
899 _aRuMoRGB
_jA 263/1200
899 _aБАН
942 _cBOOK
980 _aNB